| 000 | 00556nam a2200217 a 4500 | ||
|---|---|---|---|
| 999 |
_c4141 _d4141 |
||
| 001 | 4141 | ||
| 003 | BD-JhCC | ||
| 005 | 20171123123606.0 | ||
| 008 | 171123s1962 uk |||| |||| 000 0 eng d | ||
| 035 | _a(BD-JhCC) | ||
| 040 |
_aBD-JhCC _dBD-JhCC |
||
| 041 | _aeng | ||
| 082 |
_a423.914 _bFRE 1962 |
||
| 100 | _aFremont, Isabelle | ||
| 245 |
_aShall we meet the lion? / _cIsabelle Fremont |
||
| 260 |
_aLondon : _bOxford University Press, _c1961 |
||
| 300 |
_a16 p.; _c18 cm |
||
| 650 | _aChildren Stories | ||
| 650 | _aEnglish language | ||
| 942 |
_2ddc _cBK |
||